000 01340nam a2200337 i 4500
001 000049225
003 DO-SdBNP
005 20250227073855.0
007 ta
008 190730s2018 dr 000 0 spa d
020 _a9789945443622 (serie)
020 _a9789945582581 (v. 245)
040 _aDO-SdBNP
_bspa
_cBNPHU
_erda
082 4 _aRD861.5
_bG633s
_222
100 1 _aGómez Beras, Carlos Roberto,
_d1959-
_96916
245 1 0 _aSólo el naufragio :
_bpoesía /
_cCarlos Roberto Gómez Beras ; prólogo José Alcántara Almánzar.
264 1 _aSanto Domingo :
_bBanco Central de la República Dominicana,
_c2018.
300 _a153 páginas
_c24 cm.
336 _2rdacontent
_atexto
_btxt
337 _2rdamedia
_asin mediación
_bn
338 _2rdacarrier
_avolumen
_bnc
490 1 _aBanco Central de la República Dominicana
_v245
490 1 _aArte y literatura
_v87
500 _aHa obtenido en dos ocasiones el Premio Nacional de Poesías del PEN Internacional de PR con Viaje a la noche,(1989), y con Mapa al corazón del Hombre, (2012).
500 _aIncluye datos biográficos del autor en la solapa de la cubierta
590 _aInventariado, 2019/VM
650 0 _aPoesía dominicana
_966
650 0 _aLiteratura dominicana.
_967
700 1 _aAlcántara Almánzar, José
_d1946-
_eprólogo
_97018
942 _2ddc
_cLBS1
999 _c48713
_d48713